Autonomía y participación en la escuela italiana (Record no. 63076)

MARC details
000 -CABECERA
campo de control de longitud fija 00591nam a2200217 a 4500
005 - FECHA Y HORA DE LA ÚLTIMA TRANSACCIÓN
campo de control 20210219152904.0
008 - ELEMENTOS DE LONGITUD FIJA--INFORMACIÓN GENERAL
campo de control de longitud fija 991125n 000 0 u
035 ## - NÚMERO DE CONTROL DEL SISTEMA
Número de control de sistema UPN01000065603
100 ## - ASIENTO PRINCIPAL--NOMBRE PERSONAL
Nombre de persona ERDAS, Franco Epifanio
222 ## - TÍTULO CLAVE
Título clave REVISTA DE EDUCACION
245 ## - MENCIÓN DE TÍTULO
Título Autonomía y participación en la escuela italiana
300 ## - DESCRIPCIÓN FÍSICA
Extensión 169-200
362 ## - FECHAS DE PUBLICACIÓN Y/O DESIGNACIÓN SECUENCIAL
Fecha de publicación y/o designación secuencial 1992 No. 299, sep.-dic.
653 0# - TERMINO DE INDIZACION - NO CONTROLADO
Término no controlado AUTONOMIA
653 0# - TERMINO DE INDIZACION - NO CONTROLADO
Término no controlado DESCENTRALIZACION
653 0# - TERMINO DE INDIZACION - NO CONTROLADO
Término no controlado ITALIA
653 0# - TERMINO DE INDIZACION - NO CONTROLADO
Término no controlado LEGISLACION EDUCATIVA
653 0# - TERMINO DE INDIZACION - NO CONTROLADO
Término no controlado SISTEMA EDUCATIVO NACIONAL
904 ## - ELEMENTOS DE DATOS D LOCAL, LDD (RLIN)
a AC
b 003414
905 ## - TIPO DE MATERIAL
Tipo de material Articulo

No items available.